000 00342nam a22001457a 4500
003 MACL
005 20190904165024.0
008 190904b xxu||||| |||| 00| 0 eng d
040 _cMACL
100 _aDr. Poonam
_976566
245 _aLal Bahadur Shastri
260 _aDelhi
_bNisha Pub
_c2018
650 _aBiography
_976567
942 _2ddc
_cBK
999 _c60949
_d60949